[Event "Recife Pernambuco op"]
[Site "Recife"]
[Date "2014.11.23"]
[Round "4"]
[White "Carlos, Eduardo"]
[Black "Campos, Antonio de Siqueira"]
[Result "1/2-1/2"]
[WhiteElo "1792"]
[BlackElo "1800"]
[PlyCount "95"]
[EventDate "2014.11.21"]
[EventType "swiss"]
[EventRounds "5"]
[EventCountry "BRA"]
[SourceTitle "CBM 163 Extra"]
[Source "ChessBase"]
[SourceDate "2014.12.23"]
[SourceVersion "1"]
[SourceVersionDate "2014.12.23"]
[SourceQuality "1"]

1. c4 e6 2. Nf3 Nf6 3. g3 Be7 4. Bg2 c6 5. 0-0 0-0 6. b3 Re8 7. Bb2 d5 8. Qc2 h6 9. d4 Nbd7 10. Nbd2 b6 11. Rac1 Ba6 12. Rfe1 Rc8 13. Qb1 Bf8 14. a3 c5 15. e3 Bb7 16. Red1 Nh7 17. Ne5 Nxe5 18. dxe5 Qe7 19. Nf3 Red8 20. h4 g5 21. hxg5 Nxg5 22. Nh4 Bg7 23. Qc2 Ne4 24. Qe2 Qg5 25. cxd5 Bxd5 26. Rxd5 exd5 27. Bxe4 dxe4 28. Qc4 Rd2 29. Bc3 Rdd8 30. Qxe4 Re8 31. Nf5 Re6 32. Qb7 Rf8 33. Nxg7 Kxg7 34. Qxa7 Kh7 35. Kg2 Rg8 36. Qd7 Qg6 37. a4 Qe4+ 38. Kh2 Rg7 39. Qd8 Qf3 40. Be1 Qe2 41. Qd2 Qh5+ 42. Kg2 Rxe5 43. Rc4 Rf5 44. Rf4 Rfg5 45. Qc2+ Kg8 46. Qe4 Qe2 47. Qe8+ Kh7 48. Qe4+ 1/2-1/2

[Event "Recife Pernambuco op"]
[Site "Recife"]
[Date "2014.11.22"]
[Round "2"]
[White "Carlos, Eduardo"]
[Black "Alves Campelo, Danilo Cesar De"]
[Result "0-1"]
[WhiteElo "1792"]
[BlackElo "1973"]
[PlyCount "100"]
[EventDate "2014.11.21"]
[EventType "swiss"]
[EventRounds "5"]
[EventCountry "BRA"]
[SourceTitle "CBM 163 Extra"]
[Source "ChessBase"]
[SourceDate "2014.12.23"]
[SourceVersion "1"]
[SourceVersionDate "2014.12.23"]
[SourceQuality "1"]

1. c4 Nf6 2. Nc3 g6 3. Nf3 Bg7 4. g3 0-0 5. Bg2 d6 6. 0-0 Nbd7 7. Rb1 e5 8. b3 Ng4 9. Bb2 f5 10. e4 Nc5 11. d3 a5 12. a3 Nf6 13. b4 axb4 14. axb4 fxe4 15. dxe4 Ncxe4 16. Nxe4 Nxe4 17. Qd5+ Kh8 18. Qxe4 Bf5 19. Qe3 Bxb1 20. Rxb1 Ra2 21. h4 Qa8 22. Ng5 Rxb2 23. Rxb2 Qa1+ 24. Bf1 Qxb2 25. Ne6 Rf7 26. Nxg7 Kxg7 27. b5 c6 28. bxc6 bxc6 29. h5 Qd4 30. h6+ Kf8 31. Qxd4 exd4 32. Kg2 Ke7 33. Bd3 d5 34. Kf1 Kd6 35. Ke2 Kc5 36. cxd5 Kxd5 37. f3 Re7+ 38. Kd2 c5 39. g4 c4 40. Bb1 c3+ 41. Kd1 Kc4 42. g5 d3 43. Ba2+ Kd4 44. f4 c2+ 45. Kd2 Re2+ 46. Kc1 Re1+ 47. Kb2 c1Q+ 48. Kb3 Qc4+ 49. Ka3 Ra1 50. Kb2 Qxa2# 0-1

[Event "Maringa op 4th"]
[Site "Maringa"]
[Date "2014.08.23"]
[Round "8"]
[White "Carlos, Eduardo"]
[Black "Okawati, Gabriel Akira Andra"]
[Result "1/2-1/2"]
[WhiteElo "2030"]
[BlackElo "1910"]
[PlyCount "33"]
[EventDate "2014.08.20"]
[EventType "swiss"]
[EventRounds "9"]
[EventCountry "BRA"]
[SourceTitle "EXT 2015"]
[Source "ChessBase"]
[SourceDate "2014.11.20"]
[SourceVersion "1"]
[SourceVersionDate "2014.11.20"]
[SourceQuality "1"]

1. Nf3 Nf6 2. d4 e6 3. Bg5 Be7 4. c4 b6 5. e3 Bb7 6. Be2 c5 7. 0-0 0-0 8. Nc3 d6 9. Qd2 Nbd7 10. Rfd1 Ne4 11. Bxe7 Qxe7 12. Nxe4 Bxe4 13. Ne1 Rad8 14. Bf3 Nf6 15. Bxe4 Nxe4 16. Qc2 f5 17. f3 1/2-1/2

[Event "Maringa op 4th"]
[Site "Maringa"]
[Date "2014.08.22"]
[Round "5"]
[White "Das Chagas, David Ferreira"]
[Black "Carlos, Eduardo"]
[Result "1/2-1/2"]
[WhiteElo "1690"]
[BlackElo "2030"]
[PlyCount "35"]
[EventDate "2014.08.20"]
[EventType "swiss"]
[EventRounds "9"]
[EventCountry "BRA"]
[SourceTitle "EXT 2015"]
[Source "ChessBase"]
[SourceDate "2014.11.20"]
[SourceVersion "1"]
[SourceVersionDate "2014.11.20"]
[SourceQuality "1"]

1. c4 Nf6 2. Nc3 c5 3. Nf3 Nc6 4. d3 g6 5. g3 Bg7 6. Bg2 0-0 7. 0-0 b6 8. Rb1 Bb7 9. a3 Nd4 10. b4 Nxf3+ 11. exf3 d6 12. Re1 Nd7 13. Bb2 Re8 14. Ne4 Bxb2 15. Rxb2 Bxe4 16. fxe4 e5 17. f4 a5 18. b5 1/2-1/2

[Event "Maringa op 4th"]
[Site "Maringa"]
[Date "2014.08.21"]
[Round "4"]
[White "Carlos, Eduardo"]
[Black "Souza, Gustavo Horokoski"]
[Result "1/2-1/2"]
[WhiteElo "2030"]
[BlackElo "1830"]
[PlyCount "27"]
[EventDate "2014.08.20"]
[EventType "swiss"]
[EventRounds "9"]
[EventCountry "BRA"]
[SourceTitle "EXT 2015"]
[Source "ChessBase"]
[SourceDate "2014.11.20"]
[SourceVersion "1"]
[SourceVersionDate "2014.11.20"]
[SourceQuality "1"]

1. Nf3 Nf6 2. d4 e6 3. Bf4 d5 4. e3 Bd6 5. Bg5 h6 6. Bh4 0-0 7. Bd3 Nbd7 8. c4 c6 9. Na3 Be7 10. 0-0 Nh7 11. Bxe7 Qxe7 12. Qc2 Ndf6 13. Rac1 dxc4 14. Qxc4 1/2-1/2